000 00763nam a22002177a 4500
005 20250213134410.0
008 231012b ||||| |||| 00| 0 spa d
040 _cAR-FvUNAJ
082 1 4 _214
_a302
100 1 _919244
_aPackard, Vance
245 1 4 _aLos buscadores de prestigio :
_buna exploración de la conducta de clases en Estados Unidos, y de las barreras ocultas que lo afectan a usted en su comunidad, su futuro /
_cVance Packed
250 _a2a ed.
260 _aBuenos Aires :
_bEudeba,
_c1963
300 _a392 p.
440 _93714
_aLectores de Eudeba
_v16
650 1 7 _2unescot
_9693
_aSOCIOLOGIA
650 2 4 _9777
_aINTERACCION SOCIAL
651 0 _aESTADOS UNIDOS
_93085
942 _2ddc
_cLIBRO
980 _621567
_a Villalba
_819226
_g Palazón Marcela I.
999 _c9784
_d9784